Vista normal
Vista MARC
Entrada Personal Name
Número de registros utilizados en: 1
001 - CONTROL NUMBER
- control field: 39790
003 - CONTROL NUMBER IDENTIFIER
- control field: OSt
005 - DATE AND TIME OF LATEST TRANSACTION
- control field: 20210830162111.0
008 - FIXED-LENGTH DATA ELEMENTS
- fixed length control field: 210830|| aca||aabn | a|a d
040 ## - CATALOGING SOURCE
- Original cataloging agency: OSt
- Transcribing agency: OSt
100 ## - HEADING--PERSONAL NAME
- Personal name: Nivia Guevara, Leonardo
670 ## - SOURCE DATA FOUND
- Source citation: Work cat.: (OSt)12355: Nivia Guevara, Leonardo, autor, La pyme y sus aportes al desarrollo de Colombia : , 2006.